Museu de les Arts Decoratives (Record no. 15503)

MARC details
000 -LEADER
campo de control de longitud fija 00746nam a2200205 i 4500
001 - NÚMERO DE CONTROL
campo de control 15503
003 - IDENTIFICADOR DE NÚMERO DE CONTROL
campo de control ES-MaACL
005 - FECHA Y HORA DE LA ÚLTIMA TRANSACCIÓN
campo de control 20230906151107.0
007 - CAMPO FIJO DE DESCRIPCIÓN FÍSICA--INFORMACIÓN GENERAL
campo de control de longitud fija t|
008 - DATOS DE LONGITUD FIJA--INFORMACIÓN GENERAL
campo de control de longitud fija 000327s1932 sp |||| | cat d
080 ## - NÚMERO DE LA CLASIFICACIÓN DECIMAL UNIVERSAL
Número de la Clasificación Decimal Universal 738/739:069(460.235 B)(036)
080 ## - NÚMERO DE LA CLASIFICACIÓN DECIMAL UNIVERSAL
Número de la Clasificación Decimal Universal 069(460.235 B)(036):738/739
110 2# - ENTRADA PRINCIPAL--NOMBRE DE ENTIDAD CORPORATIVA
Nombre de entidad corporativa o nombre de jurisdicción como elemento de entrada Museu de les Arts Decoratives del Palau de Pedralbes (Barcelona)
9 (RLIN) 5941
245 10 - MENCIÓN DEL TÍTULO
Título Museu de les Arts Decoratives
Resto del título : Palau de Pedralbes : guia sumària.
260 ## - PUBLICACIÓN, DISTRIBUCIÓN, ETC.
Lugar de publicación, distribución, etc. Barcelona :
Nombre del editor, distribuidor, etc. Junta de Museus,
Fecha de publicación, distribución, etc. 1932.
300 ## - DESCRIPCIÓN FÍSICA
Extensión 75 p., [2] h. de planos :
Otras características físicas il. ;
Dimensiones 21 cm.
610 27 - PUNTO DE ACCESO ADICIONAL DE MATERIA--NOMBRE DE ENTIDAD CORPORATIVA
Nombre de entidad corporativa o nombre de jurisdicción como elemento de entrada Museu de les Arts Decoratives del Palau de Pedralbes (Barcelona)-
Subdivisión de forma Guías.
9 (RLIN) 5942
710 2# - ENTRADA AGREGADA--NOMBRE DE ENTIDAD CORPORATIVA
Nombre de entidad corporativa o nombre de jurisdicción como elemento de entrada Junta de Museus (Barcelona)
9 (RLIN) 5396
852 ## - LOCALIZACIÓN
Ubicación ES-MaACL
Número de control de estantería G-2117
Holdings
Estatus retirado Estado de pérdida Estado de daño No para préstamo Biblioteca de origen Biblioteca actual Ubicación en estantería Fecha de adquisición Fuente de adquisición Total de préstamos Signatura topográfica completa Código de barras Visto por última vez Precio de reemplazo Tipo de ítem Koha
        Biblioteca del Ateneo de Madrid Biblioteca del Ateneo de Madrid Depósito 2 17/01/2008     G-2117 1015761 23/02/2023 23/02/2023 Libro impreso